000 00633nam a2200181 4500
008 070927s2005 pau b 000 0 eng
020 _a0883689839 :Php975/458.50
090 _aBV4597.53.L43
_bM92s
100 1 _aMunroe, Myles.
245 1 4 _aThe spirit of leadership /
_cMyles Munroe.
260 _aNew Kensington, Pa. :
_bWhitaker House,
_c2005.
300 _a300 p. ;
_c24 cm.
504 _aIncludes bibliographical references (p. 296-297).
650 4 _aLeadership
_xReligious aspects
_xChristianity.
650 4 _aLeadership.
951 _p31241
_x00035839
_oBV4597.53.L43/M92s
_j070927140656031
_d2000-12-21
_cGC
999 _c30237
_d30237